| 000 | 01225 a2200289 4500 | ||
|---|---|---|---|
| 003 | Nust | ||
| 005 | 20170207165831.0 | ||
| 010 | _a 2008038210 | ||
| 020 | _a0470343338 (pbk.) | ||
| 020 | _a9780470343333 (pbk.) | ||
| 035 | _a(OCoLC)ocn230181482 | ||
| 040 | _cNust | ||
| 082 | 0 | 0 | _a371.3344693 |
| 100 | 1 | _aWest, James A. | |
| 245 | 1 | 0 |
_aUsing wikis for online collaboration :(E-BOOK) _bthe power of the read-write Web / _cJames A. West, Margaret L. West. |
| 250 | _a1st ed. | ||
| 260 |
_aSan Francisco, CA : _bJossey-Bass, _cc2009. |
||
| 300 |
_axviii, 142 p. : _bill. ; _c24 cm. |
||
| 490 | 1 | _aJossey-Bass guides to online teaching and learning | |
| 505 | 0 | _a Getting Ready to Wiki (page-1). Designing Wiki Projects for Collaborative Learning (page-21). Wiki Projects for Knowledge Construction (page-59). FOUR Wiki Projects for Critical Thinking (page-79). Wiki Projects for Contextual Application (page-101). Wikis Today and Tomorrow (page-125) | |
| 650 | 0 | _aComputer-assisted instruction. | |
| 650 | 0 | _aElectronic encyclopedias. | |
| 650 | 0 | _aInternet in education. | |
| 650 | 0 | _aUser-generated content. | |
| 700 | 1 |
_aWest, Margaret L., _d1962- |
|
| 830 | 0 | _aJossey-Bass guides to online teaching and learning. | |
| 942 |
_2ddc _cBK |
||
| 999 |
_c213294 _d213294 |
||